Návrh aplikácie pre výpočet koreňov algebraickej rovnice numerickými metódami

Enregistré dans:
Détails bibliographiques
Auteur principal: Chudý, Peter, 1985- (Auteur)
Autres auteurs: Abas, Marcel, 1967- (Directeur de thèse)
Format: Manuscrit Livre
Langue:slovaque
Publié: STU v Bratislave MTF UIAM, 2010
Sujets:
Accès en ligne:VAIS
Tags: Ajouter un tag
Pas de tags, Soyez le premier à ajouter un tag!

MARC

LEADER 00000ntm a22000003a 4500
001 stu206371
005 20160719160231.6
008 100703s2010------------------------slo-d
040 |a STU  |b slo 
041 0 |a slo 
100 1 |a Chudý, Peter,  |d 1985-  |4 aut  |X 33008  |7 A000033008 
242 0 0 |a Design of Application for Calculation of Roots of Algebraic Equation By Numerical Methods  |y eng 
245 1 |a Návrh aplikácie pre výpočet koreňov algebraickej rovnice numerickými metódami 
260 |b STU v Bratislave MTF UIAM,  |c 2010 
650 7 |a algebraická rovnica  |2 stusub 
700 1 |a Abas, Marcel,  |d 1967-  |4 ths  |u M6000  |U MTF Materiálovotechnologická fakulta  |T MTF Ústav aplikovanej informatiky, automatizácie a matematiky  |X 2755  |U M6000  |Y 86  |7 A000002755 
856 4 |a info a plný text  |u http://is.stuba.sk/zp/portal_zp.pl?podrobnosti=75263  |3 VAIS 
996 |c M*DP-9185  |l MMSKP  |s P  |a 0  |w stu206371_0001